[Event "British KO-ch 2017"]
[Site "London"]
[Date "2017.12.01"]
[Round "1.1"]
[White "Sadler, Matthew D"]
[Black "Rowson, Jonathan"]
[Result "1-0"]
[WhiteElo "2685"]
[BlackElo "2563"]
[Annotator "TA"]
[PlyCount "51"]
[EventDate "2017.??.??"]
[EventCountry "ENG"]
[SourceTitle "playchess.com"]
[Source "ChessBase"]
[SourceQuality "1"]

{[%evp 16,51,33,8,49,55,63,58,52,58,70,70,140,138,149,144,197,179,193,195,282,291,529,462,447,421,906,919,899,859,1004,989,1178,1093,1434,2495,3278,3483]} 1. d4 d5 2. c4 c6 3. Nf3 Nf6 4. e3 Bg4 5. h3 Bxf3 6. Qxf3 e6 7. Nc3 Nbd7 8. Bd2 {D11: Slav Defence: 3 Nf3 sidelines and 3...Nf6 4 e3 Bg4} (8. Bd3 Bb4 9. O-O O-O 10. Qd1 Re8 11. Bd2 dxc4 12. Bxc4 Qe7 13. a3 Bd6 14. Qc2 Rad8 15. Rfd1 h5 16. b4 h4 {0-1 (35) So,W (2815)-Carlsen,M (2832) chess.com INT 2017}) 8... Bd6 9. O-O-O {LiveBook: 16 Games} Rc8 10. Kb1 {White is slightly better.} O-O $146 ({Predecessor:} 10... dxc4 11. Bxc4 b5 12. Bd3 Qe7 13. g4 Nb6 14. e4 e5 15. g5 Nfd7 {½-½ (41) Rassokhina,E (2076)-Baraeva,I (2201) Ivanovo 2011}) 11. g4 $1 {[%cal Bg2g4,Bg4g5][%mdl 32]} dxc4 12. Bxc4 {[%cal Bf1c4,Bc4b3,Bb3c2][%mdl 32]} c5 {Threatens to win with ...cxd4.} 13. Bb3 c4 (13... cxd4 $14 14. exd4 Nb6) 14. Bc2 $1 $16 Nb6 15. e4 $1 {[%cal Be3e4,Be4e5,Be5e6][%mdl 32] Hoping for e5.} Be7 {[#]} (15... Ne8 $16 16. e5 Bb4) 16. g5 $1 $18 {[%cal Rg5f6]} Ne8 17. Qg3 g6 {[#]} (17... Qc7 $142 18. Qh4 g6) 18. h4 $1 Qxd4 $2 (18... Ng7 19. Be3 Bd6) 19. h5 {White is clearly winning.} Qg7 20. e5 Nd5 (20... Rc5 $142 21. Ne4 Nd5 22. Nxc5 Bxc5) 21. Nxd5 exd5 22. Bc3 Rd8 23. Bd4 b6 {[#]} 24. e6 $1 {[%mdl 512]} f6 (24... fxe6 25. Bxg7) 25. hxg6 (25. h6 $142 Qh8 26. Bxg6) 25... hxg6 26. Rh6 {Precision: White = 91%, Black = 23%.} 1-0

[Event "British KO-ch 2017"]
[Site "London"]
[Date "2017.12.01"]
[Round "1.1"]
[White "Short, Nigel D"]
[Black "Merry, Alan B"]
[Result "1-0"]
[WhiteElo "2678"]
[BlackElo "2422"]
[Annotator "TA"]
[PlyCount "85"]
[EventDate "2017.??.??"]
[EventCountry "ENG"]
[SourceTitle "playchess.com"]
[Source "ChessBase"]
[SourceQuality "1"]

{[%evp 20,85,-14,-13,7,9,9,0,10,-9,-7,-7,0,-75,-83,-75,-86,-81,-74,-53,-81,-137,-143,-145,-137,-148,-141,-174,-163,-174,-168,-163,-158,-184,-159,-156,-139,-163,-173,-254,-158,-372,-378,-345,-366,-388,148,135,161,151,287,291,397,392,399,389,385,368,720,720,971,899,29984,29985,29984,10138,2845,2749]} 1. d4 Nf6 2. Nf3 g6 3. Bg5 Bg7 4. Nbd2 d5 5. e3 O-O 6. c3 b6 7. Bd3 c5 8. b4 Nbd7 9. O-O Bb7 10. Qb1 c4 {D03: 1 d4 d5 2 Nf3 Nf6 3 Bg5, including Torre Attack with early ...d5} (10... Qc8 11. a4 e5 12. Bxf6 Bxf6 13. Bb5 e4 14. Ne1 cxd4 15. cxd4 Be7 16. Nc2 Nf6 17. Qb2 Bd6 18. Rfc1 {0-1 (53) Speelman,J (2524)-Gopal,G (2597) Caleta 2011}) 11. Bc2 {LiveBook: 5 Games} b5 12. a4 a6 {The position is equal.} 13. Re1 Re8 $146 ({Predecessor:} 13... Qc7 14. Bf4 Qc6 15. e4 dxe4 16. Nxe4 Nd5 17. Qc1 {1-0 (37) Perunovic,M (2430)-Huber,M (2176) Legnica 2013}) 14. e4 dxe4 15. Nxe4 Nb6 16. Bxf6 (16. a5 $11 {keeps the balance.} Bxe4 17. Bxe4 Nxe4 18. Rxe4 (18. Qxe4 Nd5 $11)) 16... exf6 $17 17. a5 Nd5 18. Nc5 Bc6 19. Be4 Rxe4 20. Qxe4 (20. Nxe4 $142 f5 21. Nc5 Nxc3 22. Qb2) 20... Nxb4 $1 21. Qb1 Nd5 {[%mdl 1024] Black has strong compensation.} 22. Qc1 h5 23. Kh1 Kh7 24. Ng1 Bh6 25. Qc2 Nf4 {[%csl Gf4][%cal Rc6g2] [#]} 26. f3 Ra7 27. Qf2 Nd5 28. Ra3 f5 29. h4 (29. Nh3 $142) 29... Re7 $19 30. Re2 $2 (30. Rxe7 $17 Qxe7 31. Nh3) 30... Bc1 31. Ra1 Be3 32. Qe1 {[#]} Bf4 $2 (32... b4 $1 $19 {[%mdl 512]} 33. Nh3 (33. cxb4 c3) 33... Bb5) 33. Rxe7 $16 Nxe7 34. Nh3 Bh6 (34... Bd6 $16) 35. Nxa6 $18 f4 36. Nb4 Ba8 37. a6 Nf5 38. a7 Nxh4 $2 (38... Ne3 39. d5 Qc7 40. Ng5+ Kg8) 39. Qe5 Nxf3 40. Qb8 Qh4 41. Qxa8 Ng5 42. Qc8 (42. Qd8 $142 f3 43. a8=Q fxg2+ 44. Qxg2 Qxh3+ 45. Qxh3 Nxh3 46. Ra8 Bg7 47. Qg8+ Kh6 48. Qxf7) 42... f3 43. a8=Q {Precision: White = 45%, Black = 51%.} 1-0

[Event "British KO-ch 2017"]
[Site "London"]
[Date "2017.12.01"]
[Round "1.1"]
[White "Howell, David W L"]
[Black "Hawkins, Jonathan"]
[Result "1-0"]
[WhiteElo "2676"]
[BlackElo "2579"]
[Annotator "TA"]
[PlyCount "79"]
[EventDate "2017.??.??"]
[EventCountry "ENG"]
[SourceTitle "playchess.com"]
[Source "ChessBase"]
[SourceQuality "1"]

{[%evp 14,79,-7,-22,-22,-22,-36,-32,-21,-21,39,37,29,38,28,31,39,29,62,43,87,81,85,83,70,75,93,85,107,104,116,113,132,143,296,287,320,283,311,302,291,150,154,81,103,109,436,420,425,409,386,367,426,373,648,644,5812,4284,5339,5152,2268,2270,29973,1028,29973,29970,6244,6110]} 1. e4 e5 2. Nf3 Nc6 3. Bb5 a6 4. Ba4 d6 5. O-O Bg4 6. c3 Qf6 7. d3 Nge7 8. Be3 {LiveBook: 4 Games. C72: Ruy Lopez: Deferred Steinitz: 5 0-0} (8. Nbd2 {feels hotter.} h5 9. b4 g5 10. Bb3 Ng6 11. a4) 8... Bxf3 $1 (8... Ng6 9. Nbd2 Nf4 10. Bxc6+ bxc6 11. d4 exd4 12. cxd4 Be7 13. Qc2 Bd7 14. Rfe1 O-O 15. Rac1 g5 {0-1 (72) Sebag,M (2483)-Bailet,P (2519) Montpellier 2015}) 9. Qxf3 Qxf3 10. gxf3 {Black is slightly better.} O-O-O 11. f4 g6 (11... exf4 $11 12. Bxf4 d5) 12. fxe5 $14 dxe5 13. Bc2 h5 $146 ({Predecessor:} 13... Bg7 14. Nd2 f5 15. f3 {½-½ (27) Weatherspoon,K (1949)-Pupols,V (2152) Vancouver 2012}) 14. Nd2 g5 15. b4 ({Don't blunder} 15. Bxg5 $2 Rg8 $19) 15... Bh6 16. a4 Nd4 17. cxd4 exd4 18. Nc4 {[#] Black must now prevent Bd2.} dxe3 19. fxe3 Nc6 20. Rab1 {Strongly threatening b5.} ({Of course not} 20. Rxf7 $6 Nxb4 21. d4 g4 $11) 20... Bf8 21. d4 $36 {[%mdl 2048] White is in control.} Nxb4 22. Bb3 f6 23. Rxf6 g4 $2 {[#]} (23... Rh7 $16 {was worth a try.} 24. Ne5 c5) 24. Na5 $1 $18 Be7 25. Rf7 Rhe8 26. Be6+ Kb8 27. Rxe7 (27. Bf5 $18) 27... Rxe7 $16 28. Bf5 (28. Rxb4 $142 Rxe6 29. Nxb7) 28... c5 29. dxc5 Re5 $2 {[%mdl 8192]} (29... Rg7 $16 {is more resistant.}) 30. Rxb4 $18 Rxc5 31. Nxb7 Rc1+ 32. Kf2 Rd2+ 33. Kg3 Rg1+ $2 (33... Kc7 34. e5 Rf1) 34. Kf4 Rxh2 35. Na5+ Kc7 36. Rb7+ Kd6 37. e5+ {[%cal Be4e5,Be5e6][%mdl 32]} Kd5 38. Rd7+ Kc5 39. e6 Rf1+ 40. Ke4 {Precision: White = 78%, Black = 29%.} 1-0

[Event "British KO-ch 2017"]
[Site "London"]
[Date "2017.12.01"]
[Round "1.1"]
[White "Jones, Gawain C B"]
[Black "McShane, Luke J"]
[Result "1/2-1/2"]
[WhiteElo "2654"]
[BlackElo "2640"]
[Annotator "TA"]
[PlyCount "88"]
[EventDate "2017.??.??"]
[EventCountry "ENG"]
[SourceTitle "playchess.com"]
[Source "ChessBase"]
[SourceQuality "1"]

{[%evp 16,88,28,22,22,22,23,21,27,28,49,41,47,34,75,48,41,0,0,0,-16,-4,8,0,0,0,0,-28,-19,-61,-59,-51,-9,-18,-11,-10,-10,-10,-7,-16,0,0,0,-1,0,0,0,0,0,-8,-8,-8,-8,-8,-8,-8,-8,-8,-8,-8,-8,-8,-3,-3,-3,-3,-3,-3,-3,-3,-3,-3,-3,-3,-8]} 1. e4 e5 2. Nf3 Nc6 3. c3 Nf6 4. d4 Nxe4 5. d5 Ne7 6. Nxe5 Ng6 7. Nxg6 hxg6 8. Bd3 {C44: Ponziani Opening and Scotch Gambit} Nc5 (8... Nf6 9. O-O Bc5 10. Re1+ Kf8 11. b4 Bb6 12. d6 cxd6 13. Qf3 d5 14. h3 d6 15. Nd2 Be6 {1-0 (139) Nakamura,H (2779)-Anand,V (2779) Saint Louis 2016}) 9. O-O {LiveBook: 4 Games} Be7 10. Re1 $146 {[#] Threatens to win with Bg5.} ({Predecessor:} 10. Bc2 d6 11. Qf3 O-O 12. Be3 Bg5 13. Bd4 a5 14. Rd1 b6 15. Nd2 Re8 {½-½ (40) Wang,C (2483)-Tu,H (2428) Ho Chi Minh City 2013}) 10... O-O 11. Bf1 d6 12. a4 c6 13. b4 Nd7 14. a5 c5 15. Bf4 g5 16. Qe2 (16. Be3 $14) 16... gxf4 $11 17. Qxe7 Qxe7 18. Rxe7 Rd8 19. Nd2 cxb4 20. cxb4 Nf6 21. Bc4 Bd7 22. h3 Rac8 23. Ra3 g5 24. Rd3 {The position is equal.} Kf8 25. Re1 Re8 26. Rxe8+ Rxe8 27. Nf3 Ne4 28. Rd4 f6 29. Kf1 Kg7 30. Bd3 Nc3 31. Rc4 Rc8 32. Rxc8 Bxc8 {[%mdl 4096] Endgame KBN-KBN} 33. Bc4 Bf5 34. Nd4 Be4 35. f3 Bxd5 36. Nf5+ Kf7 37. Bxd5+ Nxd5 38. Nxd6+ {KN-KN} Ke6 39. Nxb7 Nxb4 {next ...Kd7 is good for Black.} 40. Nc5+ Kd5 41. Ne4 Ke5 42. Kf2 Nc6 43. a6 Nb4 44. Nc3 $1 Nxa6 {Precision: White = 82%, Black = 70%.} 1/2-1/2

[Event "British KO-ch 2017"]
[Site "London"]
[Date "2017.12.01"]
[Round "1.2"]
[White "McShane, Luke J"]
[Black "Jones, Gawain C B"]
[Result "1-0"]
[WhiteElo "2640"]
[BlackElo "2654"]
[Annotator "TA"]
[PlyCount "249"]
[EventDate "2017.??.??"]
[EventCountry "ENG"]
[SourceTitle "playchess.com"]
[Source "ChessBase"]
[SourceQuality "1"]

{[%evp 24,249,46,37,41,38,36,27,34,41,36,31,21,31,38,33,74,74,74,74,74,74,74,74,74,74,74,72,77,77,73,72,70,58,79,76,86,83,101,96,134,134,162,162,162,154,177,131,139,120,120,120,131,131,131,131,131,131,131,131,131,131,131,131,131,131,131,131,131,131,131,142,149,68,1100,912,12827,12827,12827,12827,12827,12828,12828,12828,12828,12828,12828,12829,12829,12829,12829,12829,12829,12827,12825,12828,12828,12828,12828,12828,12828,12828,12828,12828,12828,12829,12829,12829,12828,12829,12828,12826,12827,0,12827,0,1491,0,12821,0,12822,9121,12824,12828,12829,12829,12829,12827,12828,12827,12828,12828,12829,12828,12829,12828,12829,12828,12829,12828,12829,12829,12829,12828,12829,12829,12829,12830,12830,12828,12829,12829,12829,12829,12829,12827,12829,12827,12827,12828,12829,12825,12829,12829,12829,12818,12827,9368,1763,0,1571,9614,3322,135,1032,135,1975,7748,12826,12826,1632,1323,12831,12831,12831,12829,12831,12827,12832,12833,12832,12833,12834,12833,12835,12836,12836,12837,12837,12837,12837,12838,12838,12839,12839,12839,12840,12840,12841,12841,12841,12842,12842,12843,12843,12843,12845,12845,12845,12844,12845,12845,12845,12846,12846,12847,12847,12847]} 1. e4 c5 2. Nf3 Nc6 3. d4 cxd4 4. Nxd4 g6 5. c4 Nf6 6. Nc3 d6 7. Be2 Nxd4 8. Qxd4 Bg7 9. Be3 O-O 10. Qd2 a5 {B36: Sicilian: Maroczy Bind: Gurgenidze System} 11. f3 a4 12. Kf2 Qa5 13. Rac1 {LiveBook: 3 Games} Be6 14. Nd5 Bxd5 15. Qxa5 Rxa5 16. cxd5 {[#]} e6 $146 ({Predecessor:} 16... Nd7 17. Rc7 Nc5 18. Rb1 {1-0 (72) Caruana,F (2827)-Antipov,M (2580) Caleta 2017}) 17. dxe6 fxe6 {[#] Threatens to win with ...Ng4+.} 18. Ke1 Nd7 19. Rc2 b5 20. Bd2 Ra7 21. Bxb5 Rb8 22. Bc4 Kf7 23. b4 axb3 24. Bxb3 Nc5 25. Be3 Ra5 26. Bxc5 Rxc5 27. Rxc5 dxc5 $16 {[%mdl 4096] Endgame KRB-KRB} 28. Kf2 Rd8 29. Ke2 Bc3 30. Rd1 Rxd1 31. Kxd1 {KB-KB} c4 32. Bxc4 g5 33. g3 Be5 34. Ke2 Bc7 35. a4 Ke7 36. Kf2 e5 37. Kg2 Kf6 38. Kh3 h5 39. Be2 Kg6 40. Bb5 Kf7 41. Bd7 Ke7 42. Bf5 Kf6 43. Kg2 h4 44. gxh4 gxh4 45. Kf2 Ke7 46. Ke3 Bb6+ 47. Kd3 Kd6 48. h3 (48. Kc4 $16) 48... Ba5 $2 {[%mdl 8192]} (48... Kc5 $14) 49. Kc4 $18 Bb6 50. Kb5 Be3 51. Bg4 Bg1 52. Bh5 Be3 53. Bg6 Kc7 54. Bh7 Kd6 55. Bg8 Kc7 56. Bf7 Kd6 57. Ba2 Kc7 58. Bb1 Kd6 59. Bc2 Kc7 60. Bd1 Kd6 61. Be2 Kc7 62. Bf1 Kd6 63. Bd3 Kc7 64. Bc4 Kd6 65. Bb3 Kc7 66. Be6 Kd6 67. Bc8 Kc7 68. Bf5 Kd6 69. Bg4 $2 ({White should play} 69. a5 $18 Bf2 70. Bh7) 69... Kc7 $2 {[%mdl 8192]} (69... Bg1 $11) 70. Bh5 (70. Kb4 $142 Kc6 71. a5) 70... Kd6 71. Bg6 Kc7 $1 72. Be8 Kd6 73. Bf7 Kc7 74. Ba2 Kd6 75. Bb1 Kc7 76. Bd3 Kd6 77. a5 Kc7 78. Be2 Bd2 79. Bd1 Be3 80. Bc2 Bd2 81. Bb1 Be3 82. Ba2 Bd2 83. Bb3 Be3 84. Bc4 Bd2 85. Bd5 Be3 86. Be6 Bd2 87. Bf7 Be3 88. Bg8 Bd2 89. Bh7 Be3 90. Bg6 Bd2 91. Bh5 Be3 92. Bg4 Bd2 93. Be6 Be3 94. Bd5 Kd6 95. Bc6 Kc7 96. Ba8 $2 (96. a6 $18 {And now f4! would win.} Kd6 97. Bb7) 96... Kd6 $2 {[%mdl 8192]} (96... Kb8 $11 97. Bd5 Kc7) 97. Bb7 (97. a6 $142 Bf2 98. Bd5) 97... Kc7 98. a6 Kd6 $2 {[%mdl 8192]} (98... Bf4 $16 99. Kc5 Be3+ 100. Kd5 Bf4) 99. Kc4 $2 (99. Bd5 $18 {is the precise move to win.} Bd4 100. Bc4) 99... Ba7 $2 {[%mdl 8192]} (99... Kc7 $16 100. Kd5 Bf4) 100. Kd3 (100. Kc3 $142 Bc5 101. Bd5) 100... Ke6 101. Bd5+ Kd6 102. Ke2 Bb8 103. Ba2 Ba7 104. Bb1 Bb8 105. Bd3 Ke6 106. f4 exf4 107. Kf3 Ke5 108. Bf1 Ba7 109. Bg2 Be3 110. Kg4 Bf2 111. Bf3 Ke6 112. Kxf4 Bg3+ 113. Kg5 Bf2 114. Be2 Ke5 115. Bd3 Ke6 116. Bc4+ Ke5 117. Bd5 Kd6 118. Kf5 Ba7 119. Bc4 Bf2 120. e5+ {[%cal Be4e5,Be5e6][%mdl 32]} Ke7 121. Ke4 Kd8 122. Kd5 Kc7 123. e6 Be3 124. Ke5 {[#] Threatening mate with e7.} Bg5 125. Kf5 {Precision: White = 56%, Black = 38%.} 1-0

[Event "British KO-ch 2017"]
[Site "London"]
[Date "2017.12.01"]
[Round "1.2"]
[White "Hawkins, Jonathan"]
[Black "Howell, David W L"]
[Result "1/2-1/2"]
[WhiteElo "2579"]
[BlackElo "2676"]
[Annotator "TA"]
[PlyCount "88"]
[EventDate "2017.??.??"]
[EventCountry "ENG"]
[SourceTitle "playchess.com"]
[Source "ChessBase"]
[SourceQuality "1"]

{[%evp 16,88,21,0,0,0,0,0,0,0,45,41,52,51,51,52,56,61,74,70,79,88,95,93,81,81,81,81,82,68,79,48,69,54,54,54,65,62,65,27,69,8,19,19,21,0,0,0,0,-14,-12,-22,-6,-12,0,-6,-3,-8,-8,-8,0,0,3,3,5,4,10,10,42,0,5,0,46,0,8]} 1. d4 Nf6 2. c4 e6 3. Nc3 Bb4 4. Qc2 d5 5. cxd5 exd5 6. Bg5 {[%cal Bc1g5,Bg5h4,Bh4g3][%mdl 32]} c5 7. dxc5 h6 8. Bh4 {E35: Nimzo-Indian: Classical: 4...d5 5 cxd5 exd5} O-O 9. O-O-O {LiveBook: 3 Games} (9. e3 Be6 10. Nf3 Nbd7 11. a3 Bxc3+ 12. Qxc3 g5 13. Bg3 Ne4 14. Qc2 Ndxc5 15. Nd4 Rc8 {1-0 (41) Kasparov,G (2812)-Le,Q (2739) Saint Louis 2017}) 9... Bxc3 10. Qxc3 g5 11. Bg3 {And now f3 would win.} Ne4 12. Qa3 $1 Be6 13. e3 $146 ({Predecessor:} 13. f3 Nxg3 14. hxg3 Qf6 15. e3 Rc8 {1-0 (73) Mikenas,V-Botvinnik,M Moscow 1940}) 13... Nd7 14. f3 $36 {[%mdl 2048] White fights for an advantage.} Nxg3 15. hxg3 Qf6 16. Ne2 Rfc8 17. Nd4 Nxc5 18. Kb1 Bf5+ 19. Nxf5 Qxf5+ 20. Bd3 $1 {[%cal Rd3f5,Bf1d3,Bd3c2,Bc2f5][%mdl 32]} Qe6 {[#]} 21. Bc2 $1 Rc6 22. g4 a5 23. Bf5 Qe5 24. f4 gxf4 25. exf4 Qxf4 26. Rxd5 Ne6 27. Qf3 ({Don't play} 27. Rxa5 Rac8 $11) 27... Kg7 28. Rd7 (28. Qxf4 $14 Nxf4 29. Rb5) 28... Qxf3 $11 29. gxf3 Nc5 30. Rd2 Re8 31. Rc1 Re3 32. f4 b6 33. Rc4 Rf6 34. Rd5 Re2 35. a3 Rf2 36. b4 axb4 37. Rxb4 Ne6 38. Rd6 Nxf4 39. Rxf6 Kxf6 40. Rxb6+ {KRB-KRN} Kg5 {[#] White must now prevent ...h5.} 41. Rb5 Kf6 42. Rb6+ Kg5 {Strongly threatening ...h5.} 43. Rb5 Kf6 44. Rb6+ Kg5 {Precision: White = 49%, Black = 56%.} 1/2-1/2

[Event "British KO-ch 2017"]
[Site "London"]
[Date "2017.12.01"]
[Round "1.2"]
[White "Rowson, Jonathan"]
[Black "Sadler, Matthew D"]
[Result "1/2-1/2"]
[WhiteElo "2563"]
[BlackElo "2685"]
[Annotator "TA"]
[PlyCount "61"]
[EventDate "2017.??.??"]
[EventCountry "ENG"]
[SourceTitle "playchess.com"]
[Source "ChessBase"]
[SourceQuality "1"]

{[%evp 15,61,27,60,0,0,-51,-55,-70,-59,-81,-62,-68,-75,-79,-47,-62,-39,-60,-52,-46,-64,-60,-61,-65,-69,-73,-56,-56,-54,-110,-60,-121,-129,-154,-154,-150,-159,-185,-164,-171,-171,-190,-207,-266,-140,-174,-158,-273]} 1. c4 e6 2. Nc3 Nf6 3. e4 d5 4. e5 d4 5. exf6 dxc3 6. bxc3 Qxf6 7. Nf3 e5 8. Bd3 Na6 {LiveBook: 51 Games. A18: English Opening: Flohr-Mikenas System (1 c4 Nf6 2 Nc3 e6 3 e4)} 9. Qe2 (9. O-O $1 $14) (9. O-O Bg4 10. Be2 Bd6 11. h3 Bxf3 12. Bxf3 c6 13. Rb1 O-O 14. d4 exd4 15. cxd4 Rab8 16. Rb3 {1-0 (29) Inarkiev,E (2683)-Xu,J (2504) China 2017}) 9... Bd6 $1 $11 10. Be4 (10. O-O $11) 10... O-O $15 {Black is slightly better.} 11. O-O $146 {White wants to play d4.} ({Predecessor:} 11. d4 exd4 12. cxd4 Re8 13. Bxh7+ Kf8 14. Be3 c5 15. Rd1 cxd4 16. Nxd4 Bf4 17. Bb1 Bxe3 18. fxe3 Nc5 19. Rf1 Qg5 20. Rf4 Bd7 {½-½ (20) Fuchs,H (2328)-Schlosser,P (2511) Baden 2001}) 11... Nc5 12. d4 Nxe4 13. Qxe4 exd4 14. cxd4 {Threatening c5.} c6 15. Re1 Bf5 16. Qe3 Be6 17. Qd3 Rfe8 18. Bb2 Qg6 19. Qc3 f6 20. Nd2 Qf7 21. g3 Bh3 22. Ba3 (22. Nf1 $15) 22... Bc7 23. Re3 (23. Rab1 $15) 23... Rxe3 $17 24. fxe3 Qg6 {And now ...Bxg3 would win.} 25. e4 h5 {[%cal Bh7h5,Bh5h4][%mdl 32]} 26. Re1 Re8 27. Kf2 {[#]} h4 $1 {[%mdl 512]} 28. Re3 (28. gxh4 Qg4) 28... b6 29. Qd3 {[#]} Kh8 (29... c5 $1 $19 {[%mdl 512]} 30. dxc5 Rd8) 30. d5 {[#]} Be5 $1 31. Ke1 {[%mdl 32768] Precision: White = 30%, Black = 71%. . An unexpected result.} (31. dxc6 $17 Rc8 32. Bd6) 1/2-1/2

[Event "British KO-ch 2017"]
[Site "London"]
[Date "2017.12.01"]
[Round "1.2"]
[White "Merry, Alan B"]
[Black "Short, Nigel D"]
[Result "0-1"]
[WhiteElo "2422"]
[BlackElo "2678"]
[Annotator "TA"]
[PlyCount "58"]
[EventDate "2017.??.??"]
[EventCountry "ENG"]
[SourceTitle "playchess.com"]
[Source "ChessBase"]
[SourceQuality "1"]

{[%evp 19,58,8,35,29,40,37,43,23,28,22,24,22,47,0,35,-8,24,-8,-3,-12,0,0,-4,-20,45,31,57,42,88,83,77,87,101,84,93,-351,-356,-555,-541,-584,-576]} 1. e4 e5 2. Nf3 Nc6 3. Nc3 Nf6 4. Bb5 Bb4 5. O-O O-O 6. d3 d6 7. Bg5 Bxc3 8. bxc3 h6 9. Bh4 Bd7 10. Rb1 Qe7 {LiveBook: 6 Games. C49: Four Knights: 4 Bb5 Bb4} (10... a6 11. Bc4 Na5 12. Nd2 g5 13. Bg3 b5 14. Bb3 c5 15. Re1 Rc8 16. a3 c4 17. dxc4 Nxc4 18. Bxc4 bxc4 {½-½ (63) Ebeling,D (2468)-Neiksans,A (2628) Finland 2017}) 11. Re1 Rad8 12. d4 b6 {White is slightly better.} 13. Qc1 Rfe8 14. h3 Na5 $146 ({Predecessor:} 14... Nb8 15. Bd3 a5 16. Kh2 Bc6 17. g4 Nbd7 18. d5 Bb7 {½-½ (48) Marciano,D (2500)-Guyard,B (2250) France 1994}) 15. Bd3 Bc6 16. Qa3 Kh8 17. Re3 Bb7 18. Bg3 Nh5 19. dxe5 Nxg3 20. exd6 Rxd6 {[%cal Rg3e4]} 21. fxg3 {[#]} c5 (21... Nc4 $1 $11 {[%mdl 512]} 22. Qxa7 (22. Bxc4 Rd1+ 23. Rxd1 Qxa3 $11) 22... Nxe3 23. Qxb7 Re6) 22. Rbe1 Re6 23. e5 Qc7 24. Qa4 g6 25. Qf4 Kg7 26. Nh2 c4 {[#] Hoping for ...g5.} 27. Be4 $2 {[%mdl 8192]} (27. Ng4 $16 {and life is bright.} g5 28. Qf6+ Kf8 29. Qh8+ Ke7 30. Qh7 cxd3 31. Rxd3) 27... Qxe5 $19 28. Qf3 (28. Qf2 $142 Qc5 29. Bxg6) 28... Qc5 (28... Bxe4 $2 29. Rxe4 Qxe4 30. Rxe4 $17) 29. Kh1 f5 {Precision: White = 40%, Black = 42%.} 0-1

[Event "British KO-ch 2017"]
[Site "London"]
[Date "2017.12.02"]
[Round "2.1"]
[White "Short, Nigel D"]
[Black "McShane, Luke J"]
[Result "1/2-1/2"]
[WhiteElo "2678"]
[BlackElo "2640"]
[Annotator "TA"]
[PlyCount "42"]
[EventDate "2017.??.??"]
[EventCountry "ENG"]
[SourceTitle "playchess.com"]
[Source "ChessBase"]
[SourceQuality "1"]

{[%evp 20,42,43,50,41,41,37,44,37,37,62,56,72,0,0,0,0,0,0,0,0,0,0,0,0]} 1. e4 e5 2. Nf3 Nc6 3. Bb5 Nf6 4. Nc3 Nd4 5. Bc4 Bc5 6. Nxe5 Qe7 {C48: Four Knights: 4 Bb5, replies other than 4...Bb4} 7. Nf3 d5 8. Bxd5 Bg4 9. d3 O-O-O 10. Be3 Nxd5 11. Nxd5 {LiveBook: 7 Games} Rxd5 12. exd5 Re8 $1 13. O-O Bxf3 14. gxf3 {[#] Strongly threatening Re1.} Qh4 $146 15. f4 Bd6 $1 {White must now prevent ...Qh3.} 16. Kg2 ({Reject} 16. Bxd4 Bxf4 17. Kg2 Qg5+ 18. Kh3 Qh6+ 19. Kg2 Qg5+ 20. Kh3 Qh6+ 21. Kg2 Qg5+ $11) ({White should try} 16. Kh1 $16) 16... Nxc2 $1 $11 {The position is equal.} 17. Qxc2 Qg4+ $1 18. Kh1 Qf3+ 19. Kg1 {[#] Hoping for Qd1.} Qg4+ 20. Kh1 Qf3+ 21. Kg1 {And now Qd1 would win.} Qg4+ 1/2-1/2

[Event "British KO-ch 2017"]
[Site "London"]
[Date "2017.12.02"]
[Round "2.1"]
[White "Howell, David W L"]
[Black "Sadler, Matthew D"]
[Result "1/2-1/2"]
[WhiteElo "2676"]
[BlackElo "2685"]
[Annotator "TA"]
[PlyCount "63"]
[EventDate "2017.??.??"]
[EventCountry "ENG"]
[SourceTitle "playchess.com"]
[Source "ChessBase"]
[SourceQuality "1"]

{[%evp 24,63,0,0,0,0,0,-1,0,0,0,0,17,0,0,-16,0,-7,0,-11,-33,-21,18,5,4,11,29,0,0,0,0,0,0,0,32,0,0,0,0,0,0,0]} 1. d4 Nf6 2. c4 e6 3. Nf3 d5 4. Nc3 Bb4 5. cxd5 exd5 6. Qa4+ Nc6 7. Bg5 h6 8. Bxf6 Qxf6 9. e3 O-O 10. Be2 a6 11. O-O Be6 12. Rac1 Bd6 {D38: Queen's Gambit Declined: Ragozin Defence (4 Nf3 Bb4)} 13. Qc2 {LiveBook: 3 Games} (13. Qb3 Ne7 14. a3 Rfe8 15. Na4 b6 16. Nc3 Reb8 17. Rcd1 c5 18. Qc2 c4 19. e4 Qg6 20. Nh4 {0-1 (45) Dreev,A (2651)-So,W (2808) chess.com INT 2017}) 13... Ne7 14. a3 {[#]} Rfe8 $146 ({Predecessor:} 14... h5 15. e4 dxe4 16. Nxe4 Qh6 17. Nxd6 cxd6 18. Qd2 Qg6 19. Qg5 Nd5 20. Qxg6 fxg6 {1-0 (62) Dreev,A (2664)-Sanikidze,T (2548) Almaty 2016}) 15. Na4 Ng6 16. Nc5 Bc8 17. Rfe1 c6 18. b4 Re7 19. Qd2 h5 20. a4 Bg4 21. b5 axb5 22. axb5 Rae8 23. bxc6 bxc6 24. Nd3 Bb8 25. Nb4 Re6 26. Na6 Bd6 27. Nc5 R6e7 28. Nd3 Bb8 29. Nb4 Re6 {The position is equal.} 30. Na6 Bd6 31. Nc5 R6e7 32. Nd3 {Precision: White = 67%, Black = 60%.} 1/2-1/2